Racconti Indiani

שמור ב:
מידע ביבליוגרפי
מחבר ראשי: Ste'phane Mallarme'
פורמט: ספר
שפה:שפה לא ידועה
יצא לאור: Il Sole 24 Ore
תגים: הוספת תג
אין תגיות, היה/י הראשונ/ה לתייג את הרשומה!

MARC

LEADER 00000nam a2200000Ia 4500
001 R-1169
003 CODICE-MESSINA
005 20260212102503.0
008 260211s9999 xx 000 0 und d
040 |c importazione_messina 
100 |a Ste'phane Mallarme' 
245 0 |a Racconti Indiani 
260 |b Il Sole 24 Ore 
942 |2 ddc  |c BK 
952 |0 0  |1 0  |2 ddc  |4 0  |6 SCAFFALE_11_000000000000000__ROMANZI  |7 0  |9 32001  |a ME  |b ME  |d 2026-02-11  |l 0  |o SCAFFALE 11 - ROMANZI  |p R-1169  |r 2026-02-11 23:52:54  |w 2026-02-11  |x [REVISIONARE]  |y BK 
999 |c 27668  |d 27668